El control de la natalidad

Enregistré dans:
Détails bibliographiques
Auteur principal: Guttmacher, A.F....(et al)
Format: Livre
Langue:espagnol
Publié: Buenos Aires. Paidós. 1968.
Sujets:
Tags: Ajouter un tag
Pas de tags, Soyez le premier à ajouter un tag!

MARC

LEADER 00000nam a22000005a 4500
001 16521
003 CL-ChBUA
005 20120815103613.0
008 070301s1968 ag 000 0 spa
040 |a CL-ChBUA  |c CL-ChBUA 
082 0 0 |a 613.943 
090 |c 16521  |d 16521 
100 1 |a Guttmacher, A.F....(et al). 
245 1 0 |a El control de la natalidad 
260 |b Paidós.  |a Buenos Aires.  |c 1968. 
650 4 |a CONTROL DE LA NATALIDAD. 
942 |c LIB 
952 |0 0  |1 0  |4 0  |7 0  |9 22902  |a UNACH  |b UNACH  |c 600  |d 2007-03-05  |i 7.493.  |l 1  |o 613.943 / G 987.  |p 23901  |r 2025-11-13 16:42:05  |s 2016-09-29  |u 22902  |w 2012-08-08  |y LIB  |k 613.943 / G 987. 
999 |c 16521  |d 16521